Liedtext Quiz - Lass jetzt los von Willemijn Verkaik - Statistiken

Allgemein
  • Dieses Quiz wurde 124 mal gespielt
  • Das Durchschnittsergebnis liegt bei 221 aus 269
Antwortstatistiken
Antworten % Korrekt
los,
97%
los
97%
ich
95%
ich!
95%
Ich
95%
ich,
95%
auf
94%
Der
94%
der
94%
die
94%
Die
94%
Ein
94%
ein
94%
jetzt
94%
Und
94%
und
94%
bin
92%
mir
91%
Schnee
91%
Sturm
91%
in
89%
ist
89%
Lass
89%
lass'
89%
nicht
89%
nicht!
89%
sie
89%
Sie
89%
zu
89%
du
88%
Du
88%
Nacht
88%
es
86%
Es
86%
Königin
86%
sehen
86%
so
86%
von
86%
wie
86%
Wie
86%
er
85%
ganz
85%
sind
85%
Teil
85%
zieht
85%
Das
83%
das
83%
Kälte,
83%
Kälte
83%
Keine
83%
nun
83%
Nun
83%
spüre
83%
weiß
83%
grenzenlos
82%
heut'
82%
Kraft,
82%
Kraft
82%
bist,
80%
dem
80%
frei!
80%
frei,
80%
frei
80%
Königreich
80%
tief
80%
Wind,
80%
glänzt
78%
all
77%
darf
77%
Dein
77%
einsames
77%
fühl'
77%
mehr
77%
Mich
77%
mich
77%
nein!
77%
nie
77%
rein!
77%
Bergen
75%
hab'
75%
heult
75%
Hier
75%
hier!
75%
hier
75%
Spuren
75%
alles
74%
an
74%
endlich
74%
kann
74%
Türen
74%
war,
74%
niemals
72%
bereit!
71%
geschehen
71%
neu
71%
schlag'
71%
Was
71%
wahres
69%
geboren
68%
geh'
68%
hellen
68%
Licht
68%
schon
68%
vorbei,
68%
vorbei
68%
ihnen
66%
kontrollieren,
66%
versucht
66%
zeig
66%
Zeit,
66%
scheint
65%
klein
63%
machen
63%
aus
62%
Eis
62%
ran
62%
soweit!
62%
voran
62%
diese
60%
eigenartig,
60%
Kommen
60%
Nur
60%
treibt
60%
waren
60%
Welt
60%
zurück,
60%
Ängste,
58%
liegt
58%
meine
58%
nichts
58%
Vergangenheit!
58%
bleibe
57%
darfst
57%
fühlen,
57%
wird
57%
ihr
54%
Schönheit
54%
Gedanke
52%
hinter
52%
fließt
48%
Doch
45%
Tränen
45%
Seele
42%
wohl
40%
sieht
32%
Keine übereinstimmenden Quizze gefunden
Verteilung der Resultate
Anzahl Personen mit jedem Resultat
Perzentil nach korrekt beantworteten Fragen
Ihre Resultats-Entwicklung
Sie haben dieses Quiz noch nicht gespielt